Pensadores sociales latinoamericanos : (Registro nro. 3885)
[ vista simple ]
| 000 -LEADER | |
|---|---|
| fixed length control field | 01151nam a2200241Ia 4500 |
| 003 - CONTROL NUMBER IDENTIFIER | |
| control field | OSt |
| 005 - DATE AND TIME OF LATEST TRANSACTION | |
| control field | 20200716175852.0 |
| 008 - FIXED-LENGTH DATA ELEMENTS--GENERAL INFORMATION | |
| fixed length control field | 191128s2016 ck fr 000 0 spa d |
| 020 ## - INTERNATIONAL STANDARD BOOK NUMBER | |
| International Standard Book Number | 9789588930572 |
| 040 ## - CATALOGING SOURCE | |
| Original cataloging agency | CO-JMCR |
| Transcribing agency | CO-JMCR |
| 041 0# - LANGUAGE CODE | |
| Language code of text/sound track or separate title | spa |
| 082 04 - DEWEY DECIMAL CLASSIFICATION NUMBER | |
| Classification number | 338.98 / |
| Item number | C758p |
| Edition number | 23 |
| 100 1# - MAIN ENTRY--PERSONAL NAME | |
| Personal name | Consuegra Higgins, José, |
| Relator term | autor |
| 9 (RLIN) | 3510 |
| 245 10 - TITLE STATEMENT | |
| Title | Pensadores sociales latinoamericanos : |
| Remainder of title | antología del pensamiento económico y social de América Latina / |
| Statement of responsibility, etc. | José Consuegra Higgins, Josué de Castro [y otros 8] |
| 260 ## - PUBLICATION, DISTRIBUTION, ETC. | |
| Place of publication, distribution, etc. | Barranquilla : |
| Name of publisher, distributor, etc. | Universidad Simón Bolivar, |
| Date of publication, distribution, etc. | 2016 |
| 300 ## - PHYSICAL DESCRIPTION | |
| Extent | 212 páginas ; |
| Dimensions | 24 cm. |
| 490 0# - SERIES STATEMENT | |
| Series statement | Colección Apesal ; |
| Volume/sequential designation | 6 |
| 505 0# - FORMATTED CONTENTS NOTE | |
| Formatted contents note | El pensamiento económico y social de América Latina -- Pensadores sociales latinoamericanos |
| 520 3# - SUMMARY, ETC. | |
| Summary, etc. | En 1980, el rector fundador de la Universidad Simón Bolivar, José Consuegra Higgins, asumio la dirección de la colección bibliográfica Antología del pensamiento económico y social de América. |
| 650 14 - SUBJECT ADDED ENTRY--TOPICAL TERM | |
| Topical term or geographic name entry element | Desarrollo económico y social |
| General subdivision | ensayos y conferencias |
| Geographic subdivision | América Latina |
| 9 (RLIN) | 7436 |
| 700 1# - ADDED ENTRY--PERSONAL NAME | |
| Personal name | Castro, Josué de, |
| Relator term | autor |
| 9 (RLIN) | 7437 |
| 942 ## - ADDED ENTRY ELEMENTS (KOHA) | |
| Source of classification or shelving scheme | Dewey Decimal Classification |
| Koha item type | Books |
| Withdrawn status | Lost status | Source of classification or shelving scheme | Damaged status | Not for loan | Collection code | Home library | Current library | Date acquired | Source of acquisition | Full call number | Barcode | Date last seen | Copy number | Koha item type |
|---|---|---|---|---|---|---|---|---|---|---|---|---|---|---|
| Dewey Decimal Classification | Non-fiction | Biblioteca Pública José María del Castillo y Rada | Biblioteca Pública José María del Castillo y Rada | 01/01/2017 | Donación | 338.98 / C758p | 201808464 | 05/16/2024 | Ej.1 | Books |